Statistics for F.R.I.E.N.D.S: Who Said That?

Click here to take the quiz!

General Stats

  • This quiz has been taken 9,794 times
  • The average score is 15 of 30

Answer Stats

Hint Answer % Correct
I'm sorry, I didn't catch your name. Paul, was it?Chandler
97%
How could you not tell me she has hair!?Rachel
95%
Just three? I'm dilated three!Ross
95%
She's so great. She kisses like my mom cooks.Joey
91%
Welcome to the real world. It sucks. You're going to love it!Monica
90%
Damn you Monica Geller hyphen Bing!Phoebe
90%
Why can't the armadillo leave? I want Santa!Ben
76%
Hey buddy, this is a family place. Put the mouse back in the house.Gunther
74%
A little birdie told me something about you wanting to rip your arm off and throw it at me.Janice
68%
That's a lot of information to get in 30 seconds!Judy Geller
62%
Well Judy, you did it. She's finally full.Jack Geller
56%
Yeah, my nose was getting lonely.Dr. Richard Burke
47%
Just aim for the bump.Carol Willick
43%
And once again she's out of here. Okay, who had 9:45?Barry Farber
42%
Well, you know, you have to take a course. Otherwise they don't let you do it.Susan Bunch
38%
Look Rachel, I know what you're going through. I'm totally freaked out about turning 25.Tag Jones (Rachel's Assistant)
37%
I'm gonna try and quit drinking.Fun Bobby
36%
Oh, by the way, I'm awesome.Mike Hannigan
36%
It wasn't a town when I got there, but it was a town when I left.Ursula Buffay
33%
You're disturbing my oboe practice.Mr. Heckles
31%
I was thinking of doing it a little shorter, you know, like Andie McDowell's new haircut?Julie
31%
Oh my God, you're Spudnik!Mona
31%
Joey, I'm gonna tell you the same thing I told Al Minser and his pyramid of dogs. Take any job you can get and don't make on the floor.Estelle (Joey's Agent)
30%
Chandler's a girl! Chandler's a girl!Frank Buffay Jr.
30%
Don't you have a little too much penis to be wearing a dress like that?Nora Tyler Bing
28%
Yes I can. Because if I go it means I have to break up with you, and I can't break up with you.David (The Scientist Guy)
27%
I bought a restaurant and I want you to be the head chef.Pete Becker (Millionaire)
25%
That's quite alright. But I feel obligated to tell you that this meeting is being videotaped.Mr. Zelner
12%
It's like I want to take a mental picture of you all! Click!Parker (Phoebe's Over-Enthusiastic Boyfriend)
12%
'cause she's all bitter now that she lost the weight and it turns out she doesn't have a pretty face...Mindy Hunter
10%

Score Distribution

Percentile by Number Answered

Percent of People with Each Score

Your Score History

You have not taken this quiz